| 000 | 00835nam a2200241Ia 4500 | ||
|---|---|---|---|
| 003 | OSt | ||
| 005 | 20251003113404.0 | ||
| 008 | 210716s2017 xx 000 0 und d | ||
| 020 | _a9789352135936 | ||
| 040 | _cAIMIT LIBRARY | ||
| 041 | _aeng | ||
| 082 |
_a005.7681 _21 _bHAVB |
||
| 100 |
_aHavanki, Bill. _9241268 |
||
| 245 |
_aMoving hadoop to the cloud : _bharnessing cloud features and flexibility for hadoop clusters / _cBy Bill Havanki. |
||
| 250 | _a1st ed. | ||
| 260 |
_aBangalore : _bShroff Publications and Distributers Pvt Ltd , _c2017. |
||
| 300 |
_axx,313p. ; _bPB _c23.5 cm |
||
| 650 |
_aCloud printer _9241269 |
||
| 650 |
_aA simple cluster in the cloud _9241270 |
||
| 650 |
_aCareand feeding of hadoop in the cloud _9241271 |
||
| 650 |
_aMonitoring and automation _9241272 |
||
| 942 |
_2ddc _cBK _e1st _k005.7681 HAVB |
||
| 999 |
_c195945 _d195945 |
||